| 000 | 01793 a2200241 4500 | ||
|---|---|---|---|
| 001 | 26934 | ||
| 005 | 20260407155547.0 | ||
| 008 | 260407a1995 arg spa d | ||
| 003 | AR-UNSa-BCEJYS | ||
| 040 |
_aAR-UNSa-BCEJYS _bspa _cAR-UNSa-BCEJYS |
||
| 080 |
_a347.736 _xQuiebra. Insolvencia. Suspensión de pagos. Bancarrota, procedimientos. Derecho Concursal |
||
| 245 | 1 | 0 |
_aLey de concursos y quiebras Nº 24.522 _pcomentario analítico y comparativo de la reforma |
| 020 | _a950-537-346-5 | ||
| 264 | 1 |
_aBuenos Aires : _bEdiciones Macchi _c1995 |
|
| 300 |
_a354 p. _c23 cm. |
||
| 505 | _aParte I: Principios generales - Parte II: Concurso preventivo : 1. Requisitos - 2. Apertura - 3. Tramite hasta el acuerdo - 4. Propuesta, periodo de exclusividad y regimen del acuerdo preventivo - 5. Impugnación, homologación, cumplimiento y nulidad del acuerdo - 6. Concurso en caso de agrupamiento - Parte III: Quiebra: 1. Declaración - 2. Efectos de la quiebra - 3. Extensión de la quiebra. Grupos económicos.Responsabilidad de terceros - 4. Incautación, conservación y administración de los bienes - 5. Periodo informativo en la quiebra - 6. Liquidación y distribución - 7. Conclusión de la quiebra - 8. Clausura del procedimiento - 9. Inhabilitación del fallido - Parte IV : 1. Privilegios - 2. Funcionarios y empleos de los concursos - 3. Reglas procesales - 4. De los pequeños concursos y quiebras - 5. Disposiciones transitorias y complementarias - Apendice. | ||
| 942 | _cBK | ||
| 590 | _aniveau_biblio:m niveau_hierar:0 | ||
| 100 | 1 | _aMartinez de Petrazzini, Verónica F. | |
| 650 | _aLey Nº 24.522 | ||
| 856 | 4 | 1 |
_uhttps://biblioeco.unsa.edu.ar/pmb/images/libros/Ley de Concursos y Quiebras n 24.522-l70062.jpg _yImagen de portada _qimage/jpeg |
| 650 | _a ley nº 24 522 | ||
| 999 |
_c1517 _d1517 |
||